[Event "Chessable Masters - Torneo preliminare"]
[White "Malakhov, Vladimir"]
[Black "Matinian, Nikita"]
[WhiteFideId "4120787"]
[BlackFideId "24129100"]
[WhiteElo "2666"]
[BlackElo "2326"]
[Result "1-0"]
[Round "4"]
[TimeControl "600+2"]
[Date "2023.03.13"]
[WhiteClock "0:02:13"]
[BlackClock "0:00:09"]

1. e4 {[%clk 0:10:01]}  c5 {[%clk 0:10:01]} 2. Nf3 {[%clk 0:10:02]}  e6 {[%clk 0:10:02]} 3. c4 {[%clk 0:10:00]}  Nc6 {[%clk 0:09:59]} 4. d4 {[%clk 0:09:59]}  cxd4 {[%clk 0:09:56]} 5. Nxd4 {[%clk 0:09:59]}  Nf6 {[%clk 0:09:57]} 6. Nc3 {[%clk 0:10:00]}  Bb4 {[%clk 0:09:58]} 7. Nxc6 {[%clk 0:09:58]}  bxc6 {[%clk 0:09:54]} 8. Bd3 {[%clk 0:09:59]}  e5 {[%clk 0:09:46]} 9. O-O {[%clk 0:09:57]}  O-O {[%clk 0:09:47]} 10. h3 {[%clk 0:09:55]}  Re8 {[%clk 0:09:36]} 11. Na4 {[%clk 0:08:51]}  d5 {[%clk 0:09:18]} 12. cxd5 {[%clk 0:08:49]}  cxd5 {[%clk 0:09:18]} 13. exd5 {[%clk 0:08:50]}  Qxd5 {[%clk 0:09:12]} 14. a3 {[%clk 0:08:50]}  Bf8 {[%clk 0:06:51]} 15. Nc3 {[%clk 0:08:49]}  Qe6 {[%clk 0:06:28]} 16. Bb5 {[%clk 0:08:02]}  Re7 {[%clk 0:05:58]} 17. Bg5 {[%clk 0:07:22]}  Bb7 {[%clk 0:05:55]} 18. Bxf6 {[%clk 0:07:22]}  Qxf6 {[%clk 0:05:56]} 19. Nd5 {[%clk 0:07:19]}  Bxd5 {[%clk 0:05:57]} 20. Qxd5 {[%clk 0:07:20]}  Rb8 {[%clk 0:05:59]} 21. b4 {[%clk 0:07:17]}  e4 {[%clk 0:05:56]} 22. Bc4 {[%clk 0:07:11]}  Re5 {[%clk 0:05:53]} 23. Qd4 {[%clk 0:06:47]}  a5 {[%clk 0:05:38]} 24. Bxf7+ {[%clk 0:06:28]}  Kh8 {[%clk 0:05:29]} 25. Rab1 {[%clk 0:06:10]}  axb4 {[%clk 0:05:25]} 26. axb4 {[%clk 0:06:09]}  Rd8 {[%clk 0:04:52]} 27. Qc4 {[%clk 0:05:40]}  Rg5 {[%clk 0:03:29]} 28. Rb3 {[%clk 0:05:02]}  Rd7 {[%clk 0:01:52]} 29. Be6 {[%clk 0:04:35]}  Rd4 {[%clk 0:01:50]} 30. Qc8 {[%clk 0:04:20]}  Rd8 {[%clk 0:01:42]} 31. Qc7 {[%clk 0:04:18]}  Bd6 {[%clk 0:01:40]} 32. Qb6 {[%clk 0:04:11]}  Re5 {[%clk 0:00:54]} 33. Bg4 {[%clk 0:04:01]}  h5 {[%clk 0:00:52]} 34. Be2 {[%clk 0:03:56]}  Rg5 {[%clk 0:00:40]} 35. g3 {[%clk 0:02:26]}  h4 {[%clk 0:00:29]} 36. Bg4 {[%clk 0:02:14]}  Qe5 {[%clk 0:00:09]} 37. Qxd8+ {[%clk 0:02:13]} 1-0


[Site "Internet"]

[Event "Chessable Masters - Torneo preliminare"]
[White "Sourath, Biswas"]
[Black "Sankalp, Gupta"]
[WhiteFideId "35091484"]
[BlackFideId "5097010"]
[WhiteElo "2138"]
[BlackElo "2427"]
[Result "1/2-1/2"]
[Round "4"]
[TimeControl "600+2"]
[Date "2023.03.13"]
[WhiteClock "0:02:34"]
[BlackClock "0:01:19"]

1. d4 {[%clk 0:10:01]}  Nf6 {[%clk 0:10:00]} 2. Bf4 {[%clk 0:10:02]}  g6 {[%clk 0:09:59]} 3. Nc3 {[%clk 0:10:02]}  d5 {[%clk 0:10:00]} 4. e3 {[%clk 0:10:03]}  Bg7 {[%clk 0:09:58]} 5. Nb5 {[%clk 0:10:00]}  Na6 {[%clk 0:09:59]} 6. Nf3 {[%clk 0:10:01]}  O-O {[%clk 0:10:00]} 7. Be2 {[%clk 0:10:00]}  c6 {[%clk 0:09:57]} 8. Nc3 {[%clk 0:10:01]}  Nc7 {[%clk 0:09:58]} 9. O-O {[%clk 0:10:02]}  Nce8 {[%clk 0:09:54]} 10. Na4 {[%clk 0:09:53]}  b6 {[%clk 0:09:46]} 11. Rc1 {[%clk 0:09:48]}  Bb7 {[%clk 0:09:45]} 12. b3 {[%clk 0:09:49]}  Nh5 {[%clk 0:09:42]} 13. Be5 {[%clk 0:09:49]}  f6 {[%clk 0:09:42]} 14. Bg3 {[%clk 0:09:49]}  Nxg3 {[%clk 0:09:42]} 15. hxg3 {[%clk 0:09:51]}  e5 {[%clk 0:09:44]} 16. c4 {[%clk 0:09:51]}  e4 {[%clk 0:09:40]} 17. Nh2 {[%clk 0:09:43]}  f5 {[%clk 0:09:40]} 18. b4 {[%clk 0:09:40]}  Kh8 {[%clk 0:09:28]} 19. b5 {[%clk 0:09:39]}  cxb5 {[%clk 0:09:25]} 20. cxb5 {[%clk 0:09:40]}  Nd6 {[%clk 0:09:23]} 21. Qb3 {[%clk 0:09:41]}  Qd7 {[%clk 0:09:19]} 22. Nc3 {[%clk 0:09:29]}  Qe6 {[%clk 0:09:13]} 23. a4 {[%clk 0:09:27]}  Rfc8 {[%clk 0:09:13]} 24. Nb1 {[%clk 0:09:28]}  Nc4 {[%clk 0:09:08]} 25. Rfd1 {[%clk 0:09:20]}  Rc7 {[%clk 0:09:00]} 26. Na3 {[%clk 0:08:47]}  Na5 {[%clk 0:08:40]} 27. Qb2 {[%clk 0:08:46]}  Rac8 {[%clk 0:08:41]} 28. Rxc7 {[%clk 0:08:45]}  Rxc7 {[%clk 0:08:43]} 29. Rc1 {[%clk 0:08:41]}  Qc8 {[%clk 0:08:36]} 30. Rxc7 {[%clk 0:08:42]}  Qxc7 {[%clk 0:08:38]} 31. Nc2 {[%clk 0:08:41]}  Bf8 {[%clk 0:08:26]} 32. f4 {[%clk 0:08:18]}  exf3 {[%clk 0:08:17]} 33. Nxf3 {[%clk 0:08:16]}  Qxg3 {[%clk 0:08:17]} 34. Qc3 {[%clk 0:08:06]}  Bd6 {[%clk 0:07:49]} 35. Nb4 {[%clk 0:07:59]}  f4 {[%clk 0:06:53]} 36. exf4 {[%clk 0:07:47]}  Bxf4 {[%clk 0:06:51]} 37. Nd3 {[%clk 0:06:10]}  Be3+ {[%clk 0:05:55]} 38. Kh1 {[%clk 0:06:10]}  Qg4 {[%clk 0:05:43]} 39. Qc7 {[%clk 0:04:59]}  Bxd4 {[%clk 0:04:03]} 40. Qd8+ {[%clk 0:04:42]}  Kg7 {[%clk 0:04:03]} 41. Qe7+ {[%clk 0:04:12]}  Kg8 {[%clk 0:02:57]} 42. Qe8+ {[%clk 0:04:10]}  Kg7 {[%clk 0:02:58]} 43. Qe7+ {[%clk 0:04:12]}  Kg8 {[%clk 0:02:59]} 44. Nxd4 {[%clk 0:02:51]}  Qxd4 {[%clk 0:03:01]} 45. Ne5 {[%clk 0:02:51]}  Qf4 {[%clk 0:02:46]} 46. Ng4 {[%clk 0:02:46]}  Kh8 {[%clk 0:02:25]} 47. Nf6 {[%clk 0:02:35]}  Qh4+ {[%clk 0:01:17]} 48. Kg1 {[%clk 0:02:35]}  Qe1+ {[%clk 0:01:18]} 49. Kh2 {[%clk 0:02:34]}  Qh4+ {[%clk 0:01:19]} 1/2-1/2


[Site "Internet"]

[Event "Chessable Masters - Torneo preliminare"]
[White "Ju, Wenjun"]
[Black "Golubev, Mikhail"]
[WhiteFideId "8603006"]
[BlackFideId "14100983"]
[WhiteElo "2598"]
[BlackElo "2361"]
[Result "1-0"]
[Round "4"]
[TimeControl "600+2"]
[Date "2023.03.13"]
[WhiteClock "0:00:15"]
[BlackClock "0:00:03"]

1. d4 {[%clk 0:09:57]}  Nf6 {[%clk 0:09:59]} 2. c4 {[%clk 0:09:57]}  g6 {[%clk 0:10:00]} 3. Nf3 {[%clk 0:09:57]}  Bg7 {[%clk 0:10:01]} 4. g3 {[%clk 0:09:59]}  O-O {[%clk 0:10:02]} 5. Bg2 {[%clk 0:10:00]}  d6 {[%clk 0:10:03]} 6. O-O {[%clk 0:10:01]}  Nbd7 {[%clk 0:10:04]} 7. Nc3 {[%clk 0:10:02]}  e5 {[%clk 0:10:05]} 8. e4 {[%clk 0:10:04]}  Re8 {[%clk 0:10:06]} 9. Re1 {[%clk 0:09:48]}  exd4 {[%clk 0:09:49]} 10. Nxd4 {[%clk 0:09:48]}  c6 {[%clk 0:09:36]} 11. Be3 {[%clk 0:09:37]}  Nc5 {[%clk 0:09:03]} 12. f3 {[%clk 0:09:34]}  Nfd7 {[%clk 0:07:45]} 13. f4 {[%clk 0:09:15]}  Nf6 {[%clk 0:07:36]} 14. e5 {[%clk 0:06:01]}  Ng4 {[%clk 0:07:11]} 15. Nxc6 {[%clk 0:06:01]}  bxc6 {[%clk 0:05:45]} 16. Bxc6 {[%clk 0:04:35]}  Nxe3 {[%clk 0:05:41]} 17. Rxe3 {[%clk 0:04:37]}  Bb7 {[%clk 0:05:14]} 18. Bxe8 {[%clk 0:04:30]}  Qxe8 {[%clk 0:05:13]} 19. Qxd6 {[%clk 0:04:31]}  Bf8 {[%clk 0:05:08]} 20. Qd2 {[%clk 0:04:27]}  Rd8 {[%clk 0:03:44]} 21. Nd5 {[%clk 0:04:20]}  Qc6 {[%clk 0:03:27]} 22. b3 {[%clk 0:03:57]}  Ne6 {[%clk 0:02:53]} 23. Rd3 {[%clk 0:03:48]}  Nc5 {[%clk 0:02:21]} 24. Ne7+ {[%clk 0:02:32]}  Bxe7 {[%clk 0:02:16]} 25. Rxd8+ {[%clk 0:02:34]}  Kg7 {[%clk 0:01:05]} 26. Rd5 {[%clk 0:02:34]}  Ne4 {[%clk 0:00:27]} 27. Qe1 {[%clk 0:01:46]}  Bc5+ {[%clk 0:00:17]} 28. Kg2 {[%clk 0:01:38]}  Nf2 {[%clk 0:00:17]} 29. Kf1 {[%clk 0:00:16]}  Ng4 {[%clk 0:00:18]} 30. Qd2 {[%clk 0:00:10]}  Ne3+ {[%clk 0:00:17]} 31. Ke2 {[%clk 0:00:10]}  Nxd5 {[%clk 0:00:16]} 32. cxd5 {[%clk 0:00:11]}  Qd7 {[%clk 0:00:13]} 33. Qd3 {[%clk 0:00:10]}  Qg4+ {[%clk 0:00:12]} 34. Kd2 {[%clk 0:00:11]}  Bb4+ {[%clk 0:00:13]} 35. Kc2 {[%clk 0:00:09]}  Qh3 {[%clk 0:00:13]} 36. Rd1 {[%clk 0:00:07]}  Qg2+ {[%clk 0:00:11]} 37. Kb1 {[%clk 0:00:07]}  Ba3 {[%clk 0:00:03]} 38. Qc2 {[%clk 0:00:06]}  Bxd5 {[%clk 0:00:03]} 39. Qxg2 {[%clk 0:00:06]}  Bxg2 {[%clk 0:00:04]} 40. Kc2 {[%clk 0:00:07]}  Be4+ {[%clk 0:00:03]} 41. Kc3 {[%clk 0:00:08]}  f5 {[%clk 0:00:04]} 42. b4 {[%clk 0:00:09]}  a5 {[%clk 0:00:03]} 43. bxa5 {[%clk 0:00:09]}  Bc5 {[%clk 0:00:04]} 44. a6 {[%clk 0:00:10]}  Kf8 {[%clk 0:00:04]} 45. Rd7 {[%clk 0:00:10]}  h5 {[%clk 0:00:05]} 46. a7 {[%clk 0:00:10]}  Ke8 {[%clk 0:00:05]} 47. Rc7 {[%clk 0:00:10]}  Bg1 {[%clk 0:00:06]} 48. Rc8+ {[%clk 0:00:10]}  Kd7 {[%clk 0:00:07]} 49. a8=Q {[%clk 0:00:11]}  Bxa8 {[%clk 0:00:09]} 50. Rxa8 {[%clk 0:00:13]}  Bxh2 {[%clk 0:00:10]} 51. Rg8 {[%clk 0:00:12]}  Bxg3 {[%clk 0:00:10]} 52. Rxg6 {[%clk 0:00:13]}  h4 {[%clk 0:00:05]} 53. Kd4 {[%clk 0:00:12]}  Bxf4 {[%clk 0:00:03]} 54. Kd5 {[%clk 0:00:13]}  h3 {[%clk 0:00:03]} 55. Rg7+ {[%clk 0:00:14]}  Kd8 {[%clk 0:00:03]} 56. Rh7 {[%clk 0:00:14]}  Bg3 {[%clk 0:00:03]} 57. Rxh3 {[%clk 0:00:14]}  f4 {[%clk 0:00:04]} 58. Ke4 {[%clk 0:00:14]}  Ke7 {[%clk 0:00:03]} 59. Rh6 {[%clk 0:00:15]} 1-0


[Site "Internet"]

[Event "Chessable Masters - Torneo preliminare"]
[White "Vasquez Schroeder, Rodrigo"]
[Black "Agrest, Evgenij"]
[WhiteFideId "3400042"]
[BlackFideId "1705024"]
[WhiteElo "2589"]
[BlackElo "2576"]
[Result "0-1"]
[Round "4"]
[TimeControl "600+2"]
[Date "2023.03.13"]
[WhiteClock "0:06:04"]
[BlackClock "0:02:48"]

1. e4 {[%clk 0:10:01]}  c6 {[%clk 0:09:55]} 2. d4 {[%clk 0:10:01]}  d5 {[%clk 0:09:56]} 3. exd5 {[%clk 0:10:02]}  cxd5 {[%clk 0:09:56]} 4. c4 {[%clk 0:10:04]}  Nf6 {[%clk 0:09:56]} 5. Nc3 {[%clk 0:10:05]}  Be6 {[%clk 0:09:56]} 6. Nge2 {[%clk 0:09:55]}  dxc4 {[%clk 0:09:55]} 7. Nf4 {[%clk 0:09:57]}  Bg4 {[%clk 0:09:55]} 8. f3 {[%clk 0:09:54]}  Bd7 {[%clk 0:09:54]} 9. Bxc4 {[%clk 0:09:54]}  e6 {[%clk 0:09:55]} 10. O-O {[%clk 0:09:43]}  Bd6 {[%clk 0:09:53]} 11. d5 {[%clk 0:09:15]}  e5 {[%clk 0:09:52]} 12. Nfe2 {[%clk 0:09:15]}  b5 {[%clk 0:09:20]} 13. Bb3 {[%clk 0:09:15]}  b4 {[%clk 0:09:08]} 14. Ne4 {[%clk 0:09:15]}  Nxe4 {[%clk 0:09:08]} 15. fxe4 {[%clk 0:09:16]}  O-O {[%clk 0:09:08]} 16. Be3 {[%clk 0:09:13]}  Na6 {[%clk 0:09:04]} 17. Rc1 {[%clk 0:09:03]}  Qe7 {[%clk 0:07:43]} 18. Bc4 {[%clk 0:09:00]}  Nc5 {[%clk 0:07:38]} 19. Ng3 {[%clk 0:08:59]}  g6 {[%clk 0:07:29]} 20. Bh6 {[%clk 0:08:39]}  Rfc8 {[%clk 0:07:12]} 21. Qf3 {[%clk 0:08:31]}  Rc7 {[%clk 0:06:01]} 22. b3 {[%clk 0:08:18]}  Bc8 {[%clk 0:05:13]} 23. Kh1 {[%clk 0:08:00]}  Qh4 {[%clk 0:05:08]} 24. Qe3 {[%clk 0:07:58]}  f6 {[%clk 0:04:52]} 25. Be2 {[%clk 0:07:32]}  Bb7 {[%clk 0:03:47]} 26. a3 {[%clk 0:07:14]}  a5 {[%clk 0:03:43]} 27. axb4 {[%clk 0:07:07]}  axb4 {[%clk 0:03:43]} 28. Qd2 {[%clk 0:06:50]}  Nxb3 {[%clk 0:03:34]} 29. Qb2 {[%clk 0:06:15]}  Nxc1 {[%clk 0:03:29]} 30. Bxc1 {[%clk 0:06:17]}  Ra3 {[%clk 0:03:25]} 31. Bf3 {[%clk 0:06:13]}  Rac3 {[%clk 0:03:18]} 32. Qb1 {[%clk 0:06:09]}  Ba6 {[%clk 0:03:08]} 33. Re1 {[%clk 0:06:10]}  Bd3 {[%clk 0:03:04]} 34. Qa1 {[%clk 0:06:11]}  Rc8 {[%clk 0:03:02]} 35. Bd2 {[%clk 0:06:09]}  Rc2 {[%clk 0:03:01]} 36. Be3 {[%clk 0:06:06]}  b3 {[%clk 0:02:59]} 37. Qa4 {[%clk 0:06:04]}  b2 {[%clk 0:02:51]} 38. Qd7 {[%clk 0:06:04]}  Rc1 {[%clk 0:02:48]} 39. Qe6+ {[%clk 0:06:04]}  Kh8 {[%clk 0:02:48]} 0-1


[Site "Internet"]

[Event "Chessable Masters - Torneo preliminare"]
[White "Sharapov, Evgeny"]
[Black "Hambleton, Aman"]
[WhiteFideId "14103133"]
[BlackFideId "2606577"]
[WhiteElo "2337"]
[BlackElo "2447"]
[Result "1-0"]
[Round "4"]
[TimeControl "600+2"]
[Date "2023.03.13"]
[WhiteClock "0:03:55"]
[BlackClock "0:00:03"]

1. e4 {[%clk 0:09:59]}  e6 {[%clk 0:09:51]} 2. d4 {[%clk 0:09:59]}  d5 {[%clk 0:09:51]} 3. Nc3 {[%clk 0:10:00]}  Bb4 {[%clk 0:09:51]} 4. e5 {[%clk 0:10:01]}  Ne7 {[%clk 0:09:52]} 5. a3 {[%clk 0:10:02]}  Bxc3+ {[%clk 0:09:53]} 6. bxc3 {[%clk 0:10:03]}  b6 {[%clk 0:09:55]} 7. Nf3 {[%clk 0:10:02]}  Ba6 {[%clk 0:09:53]} 8. Bxa6 {[%clk 0:10:03]}  Nxa6 {[%clk 0:09:55]} 9. Qe2 {[%clk 0:10:03]}  Nb8 {[%clk 0:09:55]} 10. a4 {[%clk 0:10:04]}  Nbc6 {[%clk 0:09:56]} 11. c4 {[%clk 0:09:50]}  Na5 {[%clk 0:07:17]} 12. cxd5 {[%clk 0:09:48]}  Qxd5 {[%clk 0:07:19]} 13. Ba3 {[%clk 0:08:50]}  Nec6 {[%clk 0:06:11]} 14. c3 {[%clk 0:08:20]}  Nc4 {[%clk 0:05:08]} 15. O-O {[%clk 0:08:11]}  Nxa3 {[%clk 0:04:16]} 16. Rxa3 {[%clk 0:08:10]}  Na5 {[%clk 0:04:18]} 17. Nd2 {[%clk 0:06:57]}  O-O {[%clk 0:02:54]} 18. Ne4 {[%clk 0:06:43]}  Nc4 {[%clk 0:02:38]} 19. Raa1 {[%clk 0:06:39]}  Rfd8 {[%clk 0:01:42]} 20. Rad1 {[%clk 0:06:35]}  h6 {[%clk 0:01:14]} 21. Qg4 {[%clk 0:06:07]}  Kf8 {[%clk 0:01:09]} 22. Ng3 {[%clk 0:06:03]}  Nb2 {[%clk 0:00:07]} 23. Rde1 {[%clk 0:05:37]}  Nxa4 {[%clk 0:00:06]} 24. Re3 {[%clk 0:05:26]}  g6 {[%clk 0:00:04]} 25. Qh4 {[%clk 0:05:05]}  h5 {[%clk 0:00:02]} 26. Rf3 {[%clk 0:04:54]}  c5 {[%clk 0:00:03]} 27. Qf6 {[%clk 0:04:44]}  Qb7 {[%clk 0:00:03]} 28. Qxg6 {[%clk 0:04:33]}  Ke8 {[%clk 0:00:04]} 29. Qg8+ {[%clk 0:04:30]}  Kd7 {[%clk 0:00:06]} 30. Rxf7+ {[%clk 0:04:31]}  Kc6 {[%clk 0:00:07]} 31. Qh7 {[%clk 0:04:25]}  Qc8 {[%clk 0:00:06]} 32. Qe4+ {[%clk 0:04:10]}  Kb5 {[%clk 0:00:07]} 33. c4+ {[%clk 0:04:01]}  Ka5 {[%clk 0:00:03]} 34. Ra1 {[%clk 0:03:56]}  cxd4 {[%clk 0:00:04]} 35. Qe1+ {[%clk 0:03:55]}  Ka6 {[%clk 0:00:03]} 36. Rxa4# {[%clk 0:03:55]} 1-0


[Site "Internet"]

[Event "Chessable Masters - Torneo preliminare"]
[White "Bachmann, Axel"]
[Black "Sasikiran, Krishnan"]
[WhiteFideId "3700488"]
[BlackFideId "5004985"]
[WhiteElo "2618"]
[BlackElo "2559"]
[Result "1-0"]
[Round "4"]
[TimeControl "600+2"]
[Date "2023.03.13"]
[WhiteClock "0:01:09"]
[BlackClock "0:00:05"]

1. Nf3 {[%clk 0:10:01]}  d5 {[%clk 0:10:00]} 2. e3 {[%clk 0:10:01]}  g6 {[%clk 0:09:55]} 3. c4 {[%clk 0:10:02]}  c6 {[%clk 0:09:56]} 4. Nc3 {[%clk 0:10:03]}  Nf6 {[%clk 0:09:53]} 5. cxd5 {[%clk 0:10:04]}  cxd5 {[%clk 0:09:54]} 6. Bb5+ {[%clk 0:10:05]}  Nc6 {[%clk 0:09:51]} 7. Ne5 {[%clk 0:10:04]}  Bd7 {[%clk 0:09:52]} 8. Bxc6 {[%clk 0:10:05]}  Bxc6 {[%clk 0:09:30]} 9. Nxc6 {[%clk 0:09:59]}  bxc6 {[%clk 0:09:31]} 10. d4 {[%clk 0:09:55]}  e6 {[%clk 0:09:23]} 11. Na4 {[%clk 0:09:44]}  Bd6 {[%clk 0:08:51]} 12. Bd2 {[%clk 0:09:36]}  O-O {[%clk 0:08:49]} 13. Rc1 {[%clk 0:09:36]}  Rc8 {[%clk 0:08:49]} 14. O-O {[%clk 0:09:35]}  h5 {[%clk 0:08:27]} 15. h3 {[%clk 0:09:34]}  Ne4 {[%clk 0:08:23]} 16. Qe2 {[%clk 0:09:04]}  Bb8 {[%clk 0:06:53]} 17. Be1 {[%clk 0:09:00]}  Qd6 {[%clk 0:06:31]} 18. f4 {[%clk 0:08:59]}  Qe7 {[%clk 0:06:26]} 19. Nc5 {[%clk 0:08:19]}  Nxc5 {[%clk 0:06:24]} 20. Rxc5 {[%clk 0:08:21]}  Bd6 {[%clk 0:06:25]} 21. Rc2 {[%clk 0:08:22]}  c5 {[%clk 0:06:24]} 22. Bc3 {[%clk 0:08:13]}  c4 {[%clk 0:06:05]} 23. e4 {[%clk 0:08:11]}  dxe4 {[%clk 0:05:58]} 24. Qxe4 {[%clk 0:08:10]}  Rfd8 {[%clk 0:05:39]} 25. Kh1 {[%clk 0:08:02]}  Bb4 {[%clk 0:05:24]} 26. g4 {[%clk 0:07:28]}  Bxc3 {[%clk 0:04:56]} 27. bxc3 {[%clk 0:07:27]}  Qh4 {[%clk 0:04:57]} 28. Rg1 {[%clk 0:06:49]}  hxg4 {[%clk 0:04:25]} 29. Rh2 {[%clk 0:06:23]}  g3 {[%clk 0:04:19]} 30. Qe1 {[%clk 0:06:25]}  Qxf4 {[%clk 0:04:07]} 31. Rxg3 {[%clk 0:06:23]}  Rc6 {[%clk 0:03:36]} 32. Rhg2 {[%clk 0:06:21]}  Rb8 {[%clk 0:03:12]} 33. Rg4 {[%clk 0:06:05]}  Qd6 {[%clk 0:02:30]} 34. Qe4 {[%clk 0:05:44]}  Kf8 {[%clk 0:02:18]} 35. Rxg6 {[%clk 0:05:12]}  Ke7 {[%clk 0:01:16]} 36. Rg7 {[%clk 0:04:50]}  Rf8 {[%clk 0:01:06]} 37. Qh4+ {[%clk 0:03:42]}  Kd7 {[%clk 0:01:00]} 38. Qf6 {[%clk 0:03:43]}  Qe7 {[%clk 0:00:58]} 39. Qf3 {[%clk 0:03:37]}  Rb6 {[%clk 0:00:54]} 40. Rf2 {[%clk 0:03:27]}  Rb1+ {[%clk 0:00:42]} 41. Kg2 {[%clk 0:03:27]}  Kc8 {[%clk 0:00:28]} 42. Qa8+ {[%clk 0:02:42]}  Rb8 {[%clk 0:00:22]} 43. Qc6+ {[%clk 0:02:42]}  Kd8 {[%clk 0:00:23]} 44. d5 {[%clk 0:02:14]}  Rc8 {[%clk 0:00:17]} 45. Qb5 {[%clk 0:02:15]}  Rc5 {[%clk 0:00:13]} 46. Qb8+ {[%clk 0:01:36]}  Rc8 {[%clk 0:00:14]} 47. Qe5 {[%clk 0:01:28]}  Rc5 {[%clk 0:00:15]} 48. Rb2 {[%clk 0:01:18]}  Qc7 {[%clk 0:00:06]} 49. Rb8+ {[%clk 0:01:12]}  Ke7 {[%clk 0:00:05]} 50. d6+ {[%clk 0:01:09]} 1-0


[Site "Internet"]

[Event "Chessable Masters - Torneo preliminare"]
[White "Huschenbeth, Niclas"]
[Black "Harikrishna, Pentala"]
[WhiteFideId "24604747"]
[BlackFideId "5007003"]
[WhiteElo "2566"]
[BlackElo "2627"]
[Result "0-1"]
[Round "4"]
[TimeControl "600+2"]
[Date "2023.03.13"]
[WhiteClock "0:00:03"]
[BlackClock "0:00:33"]

1. e4 {[%clk 0:10:01]}  c5 {[%clk 0:10:00]} 2. Nf3 {[%clk 0:10:00]}  e6 {[%clk 0:10:02]} 3. d4 {[%clk 0:10:00]}  cxd4 {[%clk 0:10:03]} 4. Nxd4 {[%clk 0:10:02]}  Nc6 {[%clk 0:10:04]} 5. Nc3 {[%clk 0:09:54]}  Qc7 {[%clk 0:10:05]} 6. Be3 {[%clk 0:09:53]}  a6 {[%clk 0:09:59]} 7. Bd3 {[%clk 0:09:52]}  Nf6 {[%clk 0:09:51]} 8. O-O {[%clk 0:09:51]}  Ne5 {[%clk 0:09:36]} 9. Be2 {[%clk 0:09:41]}  Nc4 {[%clk 0:09:31]} 10. Bxc4 {[%clk 0:09:39]}  Qxc4 {[%clk 0:09:31]} 11. f4 {[%clk 0:08:20]}  h5 {[%clk 0:09:05]} 12. h3 {[%clk 0:08:10]}  b5 {[%clk 0:09:03]} 13. e5 {[%clk 0:08:06]}  Nd5 {[%clk 0:09:04]} 14. Nxd5 {[%clk 0:08:06]}  Qxd5 {[%clk 0:09:06]} 15. Qe2 {[%clk 0:08:04]}  Bb7 {[%clk 0:09:04]} 16. Rad1 {[%clk 0:07:48]}  Qe4 {[%clk 0:09:03]} 17. Qf2 {[%clk 0:06:46]}  Bc5 {[%clk 0:07:55]} 18. f5 {[%clk 0:05:28]}  O-O {[%clk 0:07:24]} 19. Rde1 {[%clk 0:04:20]}  Bxd4 {[%clk 0:05:18]} 20. Bxd4 {[%clk 0:04:20]}  Qxf5 {[%clk 0:05:20]} 21. Qxf5 {[%clk 0:04:21]}  exf5 {[%clk 0:05:21]} 22. Rxf5 {[%clk 0:04:23]}  Rac8 {[%clk 0:04:43]} 23. c3 {[%clk 0:04:17]}  g6 {[%clk 0:04:42]} 24. Rf6 {[%clk 0:03:50]}  Rc6 {[%clk 0:04:43]} 25. Rd6 {[%clk 0:03:33]}  Bc8 {[%clk 0:04:10]} 26. a4 {[%clk 0:02:15]}  Re8 {[%clk 0:04:03]} 27. Rxc6 {[%clk 0:02:13]}  dxc6 {[%clk 0:04:03]} 28. Kf2 {[%clk 0:01:56]}  Rd8 {[%clk 0:03:50]} 29. Ke3 {[%clk 0:01:51]}  bxa4 {[%clk 0:03:08]} 30. Ra1 {[%clk 0:01:44]}  Bd7 {[%clk 0:03:08]} 31. Bc5 {[%clk 0:00:48]}  Bf5 {[%clk 0:02:47]} 32. Rxa4 {[%clk 0:00:43]}  Rd5 {[%clk 0:02:22]} 33. Bd6 {[%clk 0:00:43]}  a5 {[%clk 0:02:13]} 34. g4 {[%clk 0:00:25]}  Bc2 {[%clk 0:01:56]} 35. Rc4 {[%clk 0:00:15]}  Rd3+ {[%clk 0:01:40]} 36. Kf4 {[%clk 0:00:16]}  f6 {[%clk 0:01:41]} 37. g5 {[%clk 0:00:09]}  fxe5+ {[%clk 0:01:32]} 38. Bxe5 {[%clk 0:00:10]}  Rxh3 {[%clk 0:01:26]} 39. Rxc6 {[%clk 0:00:11]}  Rh4+ {[%clk 0:01:25]} 40. Kg3 {[%clk 0:00:09]}  Rg4+ {[%clk 0:01:23]} 41. Kh2 {[%clk 0:00:06]}  Rxg5 {[%clk 0:01:19]} 42. Bd4 {[%clk 0:00:05]}  a4 {[%clk 0:01:04]} 43. Rc7 {[%clk 0:00:04]}  Kf8 {[%clk 0:00:45]} 44. c4 {[%clk 0:00:04]}  Rg4 {[%clk 0:00:42]} 45. Bc3 {[%clk 0:00:03]}  Ke8 {[%clk 0:00:33]} 0-1


[Site "Internet"]